| 000 | 01051nam a22003137a 4500 | ||
|---|---|---|---|
| 003 | CHAP | ||
| 005 | 20220329141130.0 | ||
| 008 | 971010s1987 r 00010 d | ||
| 010 | _a63126 | ||
| 011 | _a64098 | ||
| 035 | _a69222 | ||
| 040 | _cCHAP | ||
| 090 | _aFolleto 13853 | ||
| 100 | 0 | 0 |
_aMartínez Garza, Angel. _972079 |
| 245 | 1 | _aUso económico de los fertilizantes | |
| 260 |
_aChapingo, Méx. : _bColegio de Postgraduados. Centro de Edafología, _c1987 |
||
| 300 | _a31 p. | ||
| 490 |
_aCuaderno de edafología _v; 9 |
||
| 590 |
_aBATCH-UPD _b10 _c20130110 _lUCH01 _h2150 |
||
| 590 |
_aBATCH-UPD _b10 _c20130410 _lUCH01 _h1459 |
||
| 590 |
_aBATCH-UPD _b10 _c20130914 _lUCH01 _h1107 |
||
| 590 |
_aCONVERSION _b10 _c20130109 _lUCH01 _h1334 |
||
| 650 | 1 | 4 |
_aFertilizantes _xAspectos económicos. _940451 |
| 710 | 0 |
_aColegio de Postgraduados. Chapingo, Méx. Centro de Edafología. _925074 |
|
| 830 | 0 |
_aCuaderno de edafología _v; 9 _929712 |
|
| 901 | _aBK | ||
| 942 | _cFOLL | ||
| 949 |
_aFolleto 13853 _bBC _cUACH _d-151234 _eUACH _i69222 _si _t5.00 |
||
| 999 |
_c63126 _d63126 |
||